عرض عادي
عرض مارك
- Decision Support Techniques.
مدخل مصطلح موضوعي
001 - رقم الضبط
- حقل الضبط: 38968
003 - معرف رقم الضبط
- حقل الضبط: OSt
005 - تاريخ ووقت أخر عملية
- حقل الضبط: 20131102094013.0
008 - عناصر بيانات ثابتة الطول
- حقل تحكم ثابت الطول: 131102|||a|||||| | ||| d
040 ## - مصدر الفهرسة
- هيئة الفهرسة الأصلية: OSt
- وكالة الكتابة: OSt
150 ## - مدخل-- مصطلح تاريخي
- عنصر مدخل المصطلح الموضوعي او الاسم الجغرافي: Decision Support Techniques.
670 ## - بيانات المصدر موجوده
- الاستشهاد بالمصدر: Work cat.: (OSt)0: Ozcan, Yasar A. 38963, Quantitative methods in health care management :, c2009.
